Návrh kritérií hodnotenia zrelosti vedomostného manažmentu v priemyselných podnikoch v SR = Proposal of evaluation standards of knowledge management in Slovak industry : Diplomová práca

Saved in:
Bibliographic Details
Main Author: Gabriš, Peter, 1984- (Author)
Other Authors: Šujanová, Jana, 1961- (xxx)
Format: Manuscript Book
Language:Slovak
Published: Trnava : STU v Bratislave MTF UPMK, 2008
Subjects:
Tags: Add Tag
No Tags, Be the first to tag this record!

MARC

LEADER 00000ntm a22000003a 4500
001 stu166890
005 20150617230033.2
008 080718s2008----xo------------------slo-d
040 |a STU  |b slo 
041 0 |a slo 
044 |a xo 
100 1 |a Gabriš, Peter,  |d 1984-  |4 aut  |u M4000  |U MTF Materiálovotechnologická fakulta  |T MTF Ústav priemyselného inžinierstva a manažmentu  |X 33268  |U M4000  |Y 84  |7 A000033268 
245 1 |a Návrh kritérií hodnotenia zrelosti vedomostného manažmentu v priemyselných podnikoch v SR = Proposal of evaluation standards of knowledge management in Slovak industry :  |b Diplomová práca 
260 |a Trnava :  |b STU v Bratislave MTF UPMK,  |c 2008 
300 |a 102 s  |c príl., 1 CD-ROM 
500 |a Študijný program: priemyselné manažérstvo 
500 |a Študijný odbor: 5.2.52 priemyselné inžinierstvo 
650 7 |a vedomostný manažment  |2 stusub 
700 1 |a Šujanová, Jana,  |d 1961-  |4 xxx  |u M4000  |U MTF Materiálovotechnologická fakulta  |T MTF Ústav priemyselného inžinierstva a manažmentu  |X 2306  |U M4000  |Y 84  |7 A000002306 
996 |b 284M068047  |c M*DP-7350  |l MMSKP  |s P  |a 0  |w stu166890_0001